000 00523nam a2200157 4500
001 107063
003 ES-MaACL
005 20230906184335.0
007 t|
008 061121s1958 sp r ||||1| spa d
100 1 _aMorales, Juan Luis.
_982997
245 1 3 _aLa escuela departamental de puericultura de Sevilla y su orientación sanitario-social
_b: folleto para médicos /
_cJuan Luis Morales.
260 _aMadrid :
_b(Gráf. González),
_c1958.
300 _a81 p. ;
_c19 cm.
852 _aES-MaACL
_j2002-F-14
_bR.42074
999 _c107063
_d107063